000 00336nam a22001457a 4500
008 230926b ||||| |||| 00| 0 eng d
020 _a0122241509
041 _aeng
080 _a316
082 _a316DUN
100 _a24
101 _aSOCIOLO
245 _aINTRODUCTION TO STRUCTURAL EQUATION MODELS
_cDUNCAN.D.O
942 _2udc
_cBK
999 _c60403
_d60403